Be Angry - Sudden Death - Statistics

General Stats
  • This quiz has been taken 127 times
    121 since last reset
  • The average score is 13 of 20
Answers on the Grid
Answers color-coded by a green-red scale on the quiz's grid according to % correct below.
Alarmed
Amused
Anxious
Apoplectic
Ballistic
Bewildered
Bitter
Cheerful
Cross
Dismal
Dispirited
Enraged
Fatigued
Forlorn
Fuming
Furious
Gleeful
Griefstricken
Heated
Hesitant
Hostile
Incensed
Infuriated
Irate
Irritated
Livid
Mad
Melancholic
Nervous
Outraged
Passionate
Resentful
Seething
Shy
Sore
Sorrowful
Surprised
Terrified
Wrathful
 
Answer Stats
Answer % Correct
Furious
82%
Fuming
78%
Heated
78%
Infuriated
78%
Irritated
78%
Mad
77%
Ballistic
74%
Enraged
74%
Outraged
74%
Wrathful
74%
Hostile
67%
Livid
65%
Irate
64%
Seething
62%
Cross
60%
Bitter
59%
Resentful
53%
Apoplectic
49%
Incensed
45%
Sore
33%
No matching quizzes found
Score Distribution
Percent of People with Each Score
Percentile by Number Answered
Your Score History
You have not taken this quiz since the last reset